Word power 1500 : vocabulary tests and exercises
| Main Author: | |
|---|---|
| Format: | Book |
| Published: |
Hong Kong :
Oxford University Press ,
1985
|
| Subjects: |
MARC
| LEADER | 00000cam a2200000 7i4500 | ||
|---|---|---|---|
| 001 | 0000031321 | ||
| 005 | 20170709093000.0 | ||
| 008 | 021119n | ||
| 020 | |a 0195838823 | ||
| 090 | 0 | 0 | |a PE1449 |b .H5 |
| 100 | 0 | |a Hill, L. A. [ |q (Leslie Alexander)] , |e author | |
| 245 | 0 | 0 | |a Word power 1500 : |b vocabulary tests and exercises |c L. A. Hill |
| 260 | 2 | |a Hong Kong : |b Oxford University Press , |c 1985 | |
| 300 | |a 80 p. ; ; |c 21 cm. | ||
| 650 | 0 | |a English language |x Vocabulary | |
| 999 | |a 1000061964 |b Book |c OPEN SHELF (30 DAYS) |e Gong Badak Campus | ||